LEADER 01067nam a2200265 i 4500 001 000000153417 003 CaOOAMICUS 005 20060922000000.0 008 060922s1984 it u000 u ita u 013 $a130759 040 $aSeMil$bita 100 1 $aMörike, Eduard,$d<1804-1875>.$0(OLS)http://semarc/name/60085 240 14$aDas Stuttgarter Hutzelmännlein.$0(OLS)http://semarc/title/224473 245 10$aCastagnasecca l'omino di Stoccarda /$cEduard Mörike. 260 $aPordenone :$bStudio Tesi,$c1984. 300 $aXX, 147 p., [1] c. di tav. ;$c23 cm. 490 0 $aIl flauto magico ;$v1 500 $aContiene : Nota bibliografica. - Fondo Ciprandi. 830 3$aIl flauto magico ;$v1.$0(OLS)http://semarc/title/21706 850 $aSeMil 852 $aSeMil$W1$xVenegono$y1$m1W VI 269$j105358$B105358$CSeMilBibl$Z2$F114579 $81 941 1 $a1 961 $aOmaggio: Ciprandi dott. Paolo 996 $6245$aCastagnasecca l'omino di Stoccarda$9(OLS)http://semarc/title/224472 996 $6260$aPordenone :$bStudio Tesi$9(OLS)http://semarc/publisher/32924 LEADER 00829nam a2200217 i 4500 001 000000027099 003 CaOOAMICUS 005 20180830125447.0 008 180830s1868 it u000 u ita u 040 $aSeMil$bita 100 1 $aChiaf, Pietro.$0(OLS)http://semarc/name/12303 245 10$aCorso di filosofia elementare /$cpel sacerdote don Pietro Chiaf. 260 $aBrescia :$bTipografia di N. Romiglia,$c1868-1869. 300 $a4 v. ;$c21 cm. 650 4$aFilosofia - Manuali.$0(OLS)http://semarc/subject/134 774 0 $aChiaf, Pietro$tVol. 1.$g1$w()73299 774 0 $tVol. 2.$g2$w()214499 774 0 $tVol. 3.$g3$w()214500 774 0 $tVol. 4.$g4$w()214501 996 $6245$aCorso di filosofia elementare$9(OLS)http://semarc/title/946 996 $6260$aBrescia :$bTipografia di N. Romiglia$9(OLS)http://semarc/publisher/37087